| 000 | 00577nam a2200229Ia 4500 | ||
|---|---|---|---|
| 003 | OSt | ||
| 005 | 20220928101616.0 | ||
| 006 | a|||||r|||| 00| 0 | ||
| 007 | ta | ||
| 008 | 220927b |||||||| |||| 00| 0 hin d | ||
| 024 | _a138479 | ||
| 037 | _cTextual | ||
| 040 |
_aSDCL _cSDCL _bhin |
||
| 041 |
_2hin _ahin |
||
| 082 | _aO152,1IOO:g, L6 | ||
| 100 |
_aTiwari _9392531 |
||
| 245 | 0 | _aKabir mimansa | |
| 260 |
_aAlahabad _bAlahabad _c1976 |
||
| 300 |
_a10-177p _ccm. |
||
| 942 |
_hO152,1IOO:g, L6 _cTEXL _2CC |
||
| 999 |
_c708263 _d708263 |
||